Statistics for Starcraft Allstar!

Click here to take the quiz!

General Stats

  • This quiz has been taken 1,282 times
    (1,190 since last reset)
  • The average score is 27 of 45

Answer Stats

Answer% Correct
Jaedong
91%
Flash
87%
Naniwa
82%
MVP
79%
Mvp
79%
sOs
78%
INnoVation
74%
Maru
72%
KT Rolster
71%
MC
71%
Prime
71%
SK Telecom T1
71%
Incredible Miracle
70%
Soulkey
70%
Bomber
69%
DreamHack
68%
BoxeR
67%
IEM
67%
TaeJa
67%
CJ Entus
66%
WCS
65%
Dear
62%
HerO
62%
Jin Air Green Wings
61%
MLG
60%
Polt
60%
MMA
54%
Samsung Galaxy
54%
GSL
51%
Frost LE
50%
duckdeok
49%
ASUS ROG
48%
Homestory
48%
sAviOr
47%
NaDa
44%
aLive
42%
Daedalus Point
42%
Yeonsu LE
42%
iloveoov
41%
Habitation Station LE
40%
Polar Night LE
39%
Heavy Rain LE
37%
Alterzim Stronghold TE
33%
Red Bull
33%
WCG
28%

Score Distribution

Percentile by Number Answered

Percent of People with Each Score

Your Score History

You have not taken this quiz since the last reset